|
|
|
|
| LEADER |
01536nam a2200337 a 4500 |
| 001 |
c000169927 |
| 003 |
CARM |
| 005 |
20001009210014.0 |
| 008 |
860930s1986 aca b 100 0 eng d |
| 019 |
1 |
|
|a 4798104
|z 26584923
|5 LACONCORD2021
|
| 020 |
|
|
|a 0867402318
|c price unknown
|
| 020 |
|
|
|a 0867402318
|
| 035 |
|
|
|a (OCoLC)27601405
|5 LACONCORD2021
|
| 040 |
|
|
|a ANB
|b eng
|c ANB
|d ANB
|
| 042 |
|
|
|a anuc
|
| 043 |
|
|
|a u-at---
|
| 050 |
|
4 |
|a TC521
|b .D38 1986
|
| 082 |
0 |
4 |
|a 333.91/15/0994
|2 19
|
| 100 |
1 |
|
|a Day, Diana G.
|q (Diana Gwendoline),
|d 1950-
|
| 245 |
1 |
0 |
|a Characterising water management systems in Australia :
|b developments and deficiencies and a role for geography /
|c by Diane G. Day.
|
| 260 |
|
|
|a Canberra :
|b Australian National University, Centre for Resource and Environmental Studies,
|c [1986].
|
| 300 |
|
|
|a 27 p. ;
|c 30 cm.
|
| 440 |
|
0 |
|a CRES working paper ;
|v 1986/20.
|
| 500 |
|
|
|a Presented at the Institute of Australian Geographers 21st Conference, Perth, 12-16 May, 1986.
|
| 504 |
|
|
|a Bibliography: p. 23-27.
|
| 650 |
|
0 |
|a Water resources development
|z Australia.
|
| 710 |
2 |
|
|a Australian National University.
|b Centre for Resource and Environmental Studies
|
| 710 |
2 |
|
|a Institute of Australian Geographers.
|b Conference
|n (21st :,
|d 1986 :
|c University of Western Australia)
|
| 852 |
8 |
|
|b CARM
|h A3:AD34C0
|i D06756
|p 0235613
|f BK
|
| 999 |
f |
f |
|i 627ccadf-685e-57d5-8545-9b6508793d89
|s c2e6773c-b195-5f4b-8103-f9e429a1a6f6
|
| 952 |
f |
f |
|p Can circulate
|a CAVAL
|b CAVAL
|c CAVAL
|d CARM 1 Store
|e D06756
|f A3:AD34C0
|h Other scheme
|i book
|m 0235613
|